[Event "Belgrade Radnicki Schev 02"]
[Site "Belgrade"]
[Date "2024.02.24"]
[Round "5.5"]
[White "Popov, Aleksandr And"]
[Black "Pucarevic, Milenko"]
[Result "0-1"]
[WhiteElo "1314"]
[BlackElo "2020"]
[PlyCount "102"]
[EventDate "2024.02.22"]
[EventType "schev"]
[EventRounds "10"]
[EventCountry "SRB"]
[SourceTitle "CB10_2024"]
[SourceDate "2024.03.06"]
[SourceVersion "1"]
[SourceVersionDate "2024.03.06"]
[SourceQuality "1"]
[WhiteTeam "Team A"]
[BlackTeam "Team B"]
[WhiteTeamCountry "SRB"]
[BlackTeamCountry "SRB"]

1. e4 c5 2. c3 b6 3. d4 Bb7 4. Bd3 Nf6 5. d5 g6 6. Nf3 Bg7 7. 0-0 0-0 8. c4 d6 9. Nc3 Nbd7 10. Be3 e5 11. h3 Nh5 12. Qd2 Qe7 13. Bh6 f6 14. Be3 f5 15. Qc2 f4 16. Bd2 h6 17. Be2 Rf7 18. a3 Bf6 19. Qd1 Kh7 20. Nh2 Ng7 21. b4 h5 22. b5 Bg5 23. Nf3 Bh6 24. Nh2 Nf6 25. h4 Rg8 26. Nf3 Ng4 27. a4 Bc8 28. a5 g5 29. axb6 axb6 30. hxg5 Bxg5 31. Nh2 Nf6 32. Na4 Qd8 33. Nc3 Bh6 34. f3 Nge8 35. Rf2 Rfg7 36. Bf1 h4 37. Kh1 Nh5 38. Ra2 h3 39. Qa1 Ng3+ 40. Kg1 Nxf1 41. Qxf1 Rxg2+ 42. Rxg2 Rxg2+ 43. Kh1 Nf6 44. Ra7+ Bg7 45. Be1 Nh5 46. Qd3 Qg5 47. Qf1 Ng3+ 48. Bxg3 Qxg3 49. Ng4 Bxg4 50. Rxg7+ Kxg7 51. Qa1 Rh2# 0-1

[Event "Belgrade Radnicki Schev 02"]
[Site "Belgrade"]
[Date "2024.02.23"]
[Round "3.1"]
[White "Pucarevic, Milenko"]
[Black "Hart, Alexander E"]
[Result "1-0"]
[WhiteElo "2020"]
[BlackElo "1996"]
[PlyCount "93"]
[EventDate "2024.02.22"]
[EventType "schev"]
[EventRounds "10"]
[EventCountry "SRB"]
[SourceTitle "CB10_2024"]
[SourceDate "2024.03.06"]
[SourceVersion "1"]
[SourceVersionDate "2024.03.06"]
[SourceQuality "1"]
[WhiteTeam "Team B"]
[BlackTeam "Team A"]
[WhiteTeamCountry "SRB"]
[BlackTeamCountry "SRB"]

1. d4 d5 2. Nc3 c5 3. e4 dxe4 4. d5 Nf6 5. Be3 Qc7 6. Qd2 g6 7. Nge2 Bg7 8. Ng3 0-0 9. Bc4 Ng4 10. Bf4 Ne5 11. Be2 f5 12. Bh6 Nbd7 13. Bxg7 Kxg7 14. h4 e3 15. fxe3 Ng4 16. Nf1 Ndf6 17. Bxg4 Nxg4 18. h5 Bd7 19. hxg6 hxg6 20. 0-0-0 Qe5 21. Re1 b5 22. Nd1 b4 23. Nf2 Nf6 24. Rd1 Bb5 25. Nh2 Rad8 26. e4 Nxe4 27. Qe3 Rxd5 28. Rxd5 Qxd5 29. Nf3 Nxf2 30. Qh6+ Kf7 31. Ng5+ Ke8 32. Qxg6+ Kd7 33. Re1 Qxa2 34. Qg7 Re8 35. Qe5 Nd3+ 36. cxd3 Bxd3 37. Kd2 Qb3 38. Qxc5 Bc4 39. Kc1 e6 40. Qxa7+ Kc6 41. Nf3 Rd8 42. Ne5+ Kb5 43. Qb7+ Kc5 44. Qc7+ Kb5 45. Qc6+ Ka5 46. Nxc4+ Qxc4+ 47. Qxc4 1-0

[Event "Belgrade Premier League"]
[Site "Belgrade"]
[Date "2021.10.08"]
[Round "7.1"]
[White "Pucarevic, Milenko"]
[Black "Tosic, Srecko"]
[Result "1-0"]
[WhiteElo "2160"]
[BlackElo "2327"]
[PlyCount "165"]
[EventDate "2021.10.01"]
[EventType "team-tourn"]
[EventRounds "11"]
[EventCountry "SRB"]
[SourceTitle "CBM 204 Extra"]
[Source "ChessBase"]
[SourceDate "2021.11.30"]
[SourceVersion "1"]
[SourceVersionDate "2021.11.30"]
[SourceQuality "1"]
[WhiteTeam "Romanticari"]
[BlackTeam "Belgrade Bogoslov"]
[WhiteTeamCountry "SRB"]
[BlackTeamCountry "SRB"]

1. d4 Nf6 2. Nf3 e6 3. Bg5 h6 4. Bh4 c5 5. e3 cxd4 6. exd4 d6 7. Nbd2 Be7 8. Bd3 b6 9. h3 Bb7 10. Bg3 Nc6 11. 0-0 0-0 12. Re1 Rc8 13. c3 Re8 14. Qe2 Nb8 15. Bb5 Bc6 16. a4 Qd7 17. Qd3 a6 18. Bxc6 Qxc6 19. Ne4 Nxe4 20. Rxe4 Qc4 21. Qxc4 Rxc4 22. Nd2 Rcc8 23. Re2 d5 24. Nb3 Nd7 25. Nc1 Ra8 26. Nd3 Rec8 27. f3 Kf8 28. Be1 a5 29. Bd2 Rab8 30. g3 Rb7 31. Kg2 Nf6 32. h4 Ne8 33. Kh3 Nd6 34. h5 Nc4 35. Be1 Ke8 36. g4 b5 37. axb5 Rxb5 38. Ra2 Rcb8 39. Bg3 R8b7 40. Bf4 R7b6 41. Bc1 f6 42. f4 Kf7 43. Kg3 Bd6 44. Kf3 Rb7 45. Rg2 Re7 46. g5 hxg5 47. fxg5 e5 48. dxe5 fxe5 49. g6+ Kg8 50. Ke2 d4 51. Nf2 e4 52. cxd4 Rxh5 53. b3 Nb6 54. Rg5 Rxg5 55. Bxg5 Ra7 56. Nxe4 Bb4 57. Rc2 Ra8 58. Rc6 Nd5 59. Kd3 Rb8 60. Ra6 Be1 61. Ra7 Nb4+ 62. Ke2 Nc6 63. Rc7 Nxd4+ 64. Kxe1 Nxb3 65. Nd6 Nd4 66. Bd2 Rd8 67. Bxa5 Ne6 68. Rc6 Ra8 69. Bc3 Nf4 70. Rc7 Nxg6 71. Rxg7+ Kf8 72. Rxg6 Ke7 73. Ne4 Kf7 74. Rf6+ Ke7 75. Bb4+ Kd7 76. Kd2 Rh8 77. Kd3 Rh5 78. Kd4 Kc7 79. Nc5 Rh4+ 80. Kd5 Rh5+ 81. Kc4 Rh4+ 82. Kb5 Rh5 83. Ba5+ 1-0

[Event "Belgrade Premier League"]
[Site "Belgrade"]
[Date "2021.10.07"]
[Round "6.1"]
[White "Tasev, Dejan"]
[Black "Pucarevic, Milenko"]
[Result "1-0"]
[WhiteElo "2305"]
[BlackElo "2160"]
[PlyCount "97"]
[EventDate "2021.10.01"]
[EventType "team-tourn"]
[EventRounds "11"]
[EventCountry "SRB"]
[SourceTitle "CBM 204 Extra"]
[Source "ChessBase"]
[SourceDate "2021.11.30"]
[SourceVersion "1"]
[SourceVersionDate "2021.11.30"]
[SourceQuality "1"]
[WhiteTeam "Belgrade Turbina"]
[BlackTeam "Romanticari"]
[WhiteTeamCountry "SRB"]
[BlackTeamCountry "SRB"]

1. e4 g6 2. d4 Bg7 3. Nc3 b6 4. Be3 Ba6 5. Bxa6 Nxa6 6. Qd2 Qc8 7. Nge2 Qb7 8. f3 d6 9. d5 h5 10. Nd4 Nb8 11. 0-0-0 Nf6 12. h4 c5 13. dxc6 Nxc6 14. Nxc6 Qxc6 15. Bd4 Bh6 16. Be3 Bxe3 17. Qxe3 Qc5 18. Qxc5 bxc5 19. Rhe1 Nd7 20. Nd5 Rc8 21. Rd3 e6 22. Ne3 Ke7 23. Red1 Rc6 24. Nc4 Nb6 25. Na5 Rhc8 26. Nxc6+ Rxc6 27. g4 Nd7 28. gxh5 gxh5 29. Rg1 e5 30. Rg5 Nf6 31. Ra3 Rc7 32. c4 Rb7 33. b3 Ke6 34. Kd2 Rc7 35. Ra6 Ke7 36. Rf5 Rd7 37. Kc3 Ke6 38. a3 Ke7 39. b4 cxb4+ 40. axb4 Ne8 41. Rxh5 Ng7 42. Rh8 Ne6 43. h5 Kf6 44. h6 Kg6 45. Ra1 Ng5 46. Rg8+ Kf6 47. Rxg5 Kxg5 48. h7 Rd8 49. Rg1+ 1-0

[Event "Belgrade Premier League"]
[Site "Belgrade"]
[Date "2021.10.06"]
[Round "5.1"]
[White "Petrovic, Aleksa"]
[Black "Pucarevic, Milenko"]
[Result "1/2-1/2"]
[WhiteElo "2084"]
[BlackElo "2160"]
[PlyCount "28"]
[EventDate "2021.10.01"]
[EventType "team-tourn"]
[EventRounds "11"]
[EventCountry "SRB"]
[SourceTitle "CBM 204 Extra"]
[Source "ChessBase"]
[SourceDate "2021.11.30"]
[SourceVersion "1"]
[SourceVersionDate "2021.11.30"]
[SourceQuality "1"]
[WhiteTeam "Belgrade Radnicki"]
[BlackTeam "Romanticari"]
[WhiteTeamCountry "SRB"]
[BlackTeamCountry "SRB"]

1. e3 g6 2. Nf3 Bg7 3. d4 b6 4. Be2 Bb7 5. 0-0 d6 6. b3 Nd7 7. Bb2 e6 8. c4 Ne7 9. Nc3 0-0 10. h3 h6 11. Qc2 a6 12. Rac1 Nf6 13. Rfd1 Qe8 14. Nd2 Rc8 1/2-1/2

[Event "Belgrade Premier League"]
[Site "Belgrade"]
[Date "2021.10.02"]
[Round "2.1"]
[White "Biocanin, Goran"]
[Black "Pucarevic, Milenko"]
[Result "1-0"]
[WhiteElo "2229"]
[BlackElo "2160"]
[PlyCount "83"]
[EventDate "2021.10.01"]
[EventType "team-tourn"]
[EventRounds "11"]
[EventCountry "SRB"]
[SourceTitle "CBM 204 Extra"]
[Source "ChessBase"]
[SourceDate "2021.11.30"]
[SourceVersion "1"]
[SourceVersionDate "2021.11.30"]
[SourceQuality "1"]
[WhiteTeam "Belgrade"]
[BlackTeam "Romanticari"]
[WhiteTeamCountry "SRB"]
[BlackTeamCountry "SRB"]

1. d4 g6 2. e4 Bg7 3. Be3 Nf6 4. Nc3 d6 5. Nf3 b6 6. Bc4 0-0 7. h3 Bb7 8. e5 Ne8 9. e6 f6 10. h4 d5 11. Bd3 Qd6 12. h5 f5 13. hxg6 Qxe6 14. Ng5 Qxg6 15. Nxh7 Qxg2 16. Qh5 Qg4 17. Nxf8 Qxh5 18. Rxh5 Nf6 19. Rg5 Kxf8 20. Bxf5 Bh6 21. Rg3 Bxe3 22. fxe3 Nc6 23. 0-0-0 a6 24. Rf1 Nd8 25. Ne2 Bc8 26. Bd3 Ke8 27. Rh1 Be6 28. Nf4 Kd7 29. Rh8 Rc8 30. Rg7 b5 31. a4 c6 32. Ng6 Nf7 33. Rxf7 Rxh8 34. Nxh8 Bxf7 35. Nxf7 Ke6 36. Ne5 Kd6 37. a5 c5 38. Nf7+ Kc6 39. dxc5 Kxc5 40. c3 Nd7 41. b4+ Kc6 42. Bf5 1-0

[Event "Belgrade-chT Quality"]
[Site "Belgrade"]
[Date "2019.10.27"]
[Round "8.2"]
[White "Pucarevic, Milenko"]
[Black "Gvozdenovic, Milos"]
[Result "1-0"]
[WhiteElo "2157"]
[BlackElo "1742"]
[PlyCount "131"]
[EventDate "2019.10.05"]
[EventType "team-tourn"]
[EventRounds "11"]
[EventCountry "SRB"]
[SourceTitle "EXT 2022"]
[Source "ChessBase"]
[SourceDate "2021.10.06"]
[SourceVersion "1"]
[SourceVersionDate "2021.10.06"]
[SourceQuality "1"]
[WhiteTeam "Romanticari"]
[BlackTeam "Delfin"]
[WhiteTeamCountry "SRB"]
[BlackTeamCountry "SRB"]

1. d4 d5 2. Nf3 Nf6 3. g3 e6 4. Bg2 Be7 5. 0-0 0-0 6. Nbd2 Nbd7 7. c4 c6 8. b3 Re8 9. Bb2 b6 10. Qc2 Ba6 11. Rfd1 Rc8 12. e4 dxe4 13. Nxe4 Qc7 14. Nc3 Bb7 15. Rd2 b5 16. c5 a5 17. a3 Rcd8 18. Re1 Nf8 19. Ne5 Ng6 20. Nd3 Bf8 21. Nd1 Ne7 22. Ne3 g6 23. Ne5 Bg7 24. b4 a4 25. Bf1 Nfd5 26. Ng2 Nf5 27. g4 Nfe7 28. f4 Bh6 29. Rf2 Bc8 30. h4 Bg7 31. h5 gxh5 32. Bd3 h6 33. Bh7+ Kf8 34. gxh5 Nf6 35. Nh4 Neg8 36. Rg2 Ne7 37. Kh1 Nxh5 38. d5 Rxd5 39. Reg1 Bf6 40. Rg4 Bxe5 41. fxe5 Nf5 42. Bxf5 exf5 43. Nxf5 Bxf5 44. Rg8+ Ke7 45. Rxe8+ Kxe8 46. Qxf5 Rd1 47. Qxh5 Rxg1+ 48. Kxg1 Qd7 49. Qf3 Qe6 50. Kh2 Qg6 51. Bd4 Kd7 52. Bf2 Kc7 53. Qd1 Qf5 54. Bg3 Kb7 55. Qd2 h5 56. Qf2 Qe6 57. Qf6 Qa2+ 58. Kh3 Qd5 59. Kh2 h4 60. Bxh4 Qe4 61. Qxf7+ Ka6 62. Qf6 Qe2+ 63. Kh3 Qd3+ 64. Bg3 Qh7+ 65. Kg4 Qd7+ 66. e6 1-0

[Event "Belgrade-chTB Quality"]
[Site "Belgrade"]
[Date "2018.10.06"]
[Round "3.3"]
[White "Simonovic, Miroslav"]
[Black "Pucarevic, Milenko"]
[Result "0-1"]
[WhiteElo "2219"]
[BlackElo "2210"]
[PlyCount "180"]
[EventDate "2018.09.29"]
[EventType "team-tourn"]
[EventRounds "11"]
[EventCountry "SRB"]
[SourceTitle "CBM 187 Extra"]
[Source "ChessBase"]
[SourceDate "2018.11.04"]
[SourceVersion "1"]
[SourceVersionDate "2018.11.04"]
[SourceQuality "1"]
[WhiteTeam "Belgrade Politika"]
[BlackTeam "Belgrade Romanticari"]
[WhiteTeamCountry "SRB"]
[BlackTeamCountry "SRB"]

1. d4 Nf6 2. Bg5 Ne4 3. h4 c5 4. c3 cxd4 5. Qxd4 Nxg5 6. hxg5 Nc6 7. Qd3 g6 8. f4 d5 9. Nd2 Bf5 10. Qf3 Qd7 11. e3 Bg4 12. Qf2 Bg7 13. Be2 Bf5 14. Ngf3 e5 15. Nb3 0-0-0 16. Rd1 Qc7 17. g3 Kb8 18. Rd2 h6 19. gxh6 Bxh6 20. Rh4 f6 21. g4 Bb1 22. g5 fxg5 23. fxg5 Bg7 24. a3 Qb6 25. Rxh8 Bxh8 26. Bd1 Bg7 27. Nc1 Be4 28. c4 dxc4 29. Rxd8+ Qxd8 30. Bc2 Bd3 31. Bxd3 cxd3 32. e4 Bf8 33. Qe3 Qa5+ 34. Kf1 d2 35. Qxd2 Qxd2 36. Nxd2 Be7 37. Nf3 Kc7 38. Nd3 Kd6 39. Kg2 Ke6 40. Kg3 Bd6 41. Nh4 Kf7 42. Nf3 a5 43. Kg4 b5 44. Nd2 a4 45. Nf3 Ke6 46. Kg3 Na5 47. Kf2 Nc4 48. Ke2 Bc7 49. Kd1 Bb6 50. Kc2 Ba5 51. Nc5+ Ke7 52. Nd3 Bc7 53. Kc3 Bd6 54. Nb4 Ke6 55. Nc6 Bc5 56. Nb4 Nd6 57. Kd3 Nf7 58. Nd5 Bd6 59. Nc3 b4 60. axb4 Bxb4 61. Nd5 Bd6 62. Nc3 a3 63. bxa3 Bxa3 64. Nd5 Bc1 65. Nc7+ Kd7 66. Nb5 Bxg5 67. Kc4 Bf4 68. Kd5 g5 69. Ne1 Nd8 70. Ng2 Nc6 71. Nc3 Ne7+ 72. Kc5 Ke6 73. Nd5 Ng6 74. Nge3 Nh4 75. Nxf4+ exf4 76. Ng4 Nf3 77. Nf2 Ke5 78. Kc4 Ne1 79. Kc3 f3 80. Kd2 Ng2 81. Kd3 Kf4 82. Kd4 Kg3 83. Nh1+ Kh2 84. Nf2 Kg1 85. e5 Kxf2 86. e6 Nf4 87. e7 Ne6+ 88. Ke5 Ng7 89. Kf6 Ne8+ 90. Kf7 Nc7 0-1

[Event "Belgrade Letnji Jezero op"]
[Site "Belgrade"]
[Date "2018.08.10"]
[Round "7"]
[White "Pucarevic, Milenko"]
[Black "Sarenac, Ivan"]
[Result "0-1"]
[WhiteElo "2208"]
[BlackElo "2388"]
[PlyCount "130"]
[EventDate "2018.08.04"]
[EventType "swiss"]
[EventRounds "9"]
[EventCountry "SRB"]
[SourceTitle "CBM 185 Extra"]
[Source "ChessBase"]
[SourceDate "2018.07.29"]
[SourceVersion "1"]
[SourceVersionDate "2018.07.29"]
[SourceQuality "1"]

1. e4 e5 2. Nc3 Nf6 3. g3 d5 4. exd5 Nxd5 5. Bg2 Nxc3 6. bxc3 Nc6 7. Ne2 Bc5 8. 0-0 0-0 9. d3 Re8 10. Be3 Bb6 11. h3 Be6 12. Qc1 Bd5 13. f3 Ne7 14. Kh2 Bxe3 15. Qxe3 Qd6 16. Rab1 b6 17. c4 Bc6 18. Rfe1 Rad8 19. Qf2 Qa3 20. Rb3 Qd6 21. c5 Qh6 22. Nc3 Nd5 23. Ra3 Nxc3 24. Rxc3 Ra8 25. cxb6 axb6 26. Rxc6 Qxc6 27. f4 e4 28. Bxe4 Qc3 29. Re2 Rxa2 30. g4 Kf8 31. h4 Qc5 32. Qg2 h5 33. g5 g6 34. Kg3 b5 35. Rf2 Qd6 36. Kh3 Kg7 37. Qf3 Qe6+ 38. Kg3 Ra1 39. Kh2 Qg4 40. Qxg4 hxg4 41. f5 gxf5 42. Rxf5 Rh8 43. Kg3 Rg1+ 44. Bg2 Re8 45. Kf2 Rc1 46. Rc5 b4 47. h5 b3 48. h6+ Kg8 49. Rb5 Rxc2+ 50. Kg3 b2 51. Be4 Rc5 52. Rxb2 Rxg5 53. Rb7 f5 54. Bc6 Re7 55. Kf4 Rh5 56. Rb5 Rxh6 57. Bd5+ Kg7 58. Bg2 Rf6 59. Rc5 Kg6 60. Bb7 Re1 61. Rxc7 Rf1+ 62. Ke5 Re1+ 63. Kf4 Rd6 64. Rc3 Rd4+ 65. Kg3 Re3+ 0-1

[Event "Stari Banovci Vidovdan op"]
[Site "Stari Banovci"]
[Date "2018.07.02"]
[Round "6"]
[White "Kovacevic, Aleksandar"]
[Black "Pucarevic, Milenko"]
[Result "1-0"]
[WhiteElo "2493"]
[BlackElo "2206"]
[PlyCount "72"]
[EventDate "2018.06.29"]
[EventType "swiss"]
[EventRounds "9"]
[EventCountry "SRB"]
[SourceTitle "CBM 185 Extra"]
[Source "ChessBase"]
[SourceDate "2018.07.29"]
[SourceVersion "1"]
[SourceVersionDate "2018.07.29"]
[SourceQuality "1"]

1. e4 c5 2. Nf3 e6 3. d4 cxd4 4. Nxd4 a6 5. c4 Nf6 6. Nc3 d6 7. Be2 Be7 8. 0-0 0-0 9. Be3 Nbd7 10. Qd2 Qc7 11. Rac1 b6 12. f3 Bb7 13. b4 Rac8 14. a3 Qb8 15. Rc2 Bd8 16. Kh1 Bc7 17. Bg1 Rfd8 18. Rb1 Nf8 19. Na4 d5 20. exd5 b5 21. Nc5 Bf4 22. Qe1 bxc4 23. dxe6 fxe6 24. Bxc4 Kh8 25. Ndxe6 Re8 26. Re2 Ng6 27. Bxa6 Bxa6 28. Nxa6 Qa8 29. Nac5 Bb8 30. Bd4 Bd6 31. Qc3 Be7 32. Rbe1 Qd5 33. h3 Qh5 34. Nxg7 Kxg7 35. Rxe7+ Rxe7 36. Bxf6+ Kf7 1-0

[Event "Stari Banovci Vidovdan op"]
[Site "Stari Banovci"]
[Date "2018.07.01"]
[Round "5"]
[White "Pucarevic, Milenko"]
[Black "Azaric, Slavko"]
[Result "1/2-1/2"]
[WhiteElo "2206"]
[BlackElo "2281"]
[PlyCount "123"]
[EventDate "2018.06.29"]
[EventType "swiss"]
[EventRounds "9"]
[EventCountry "SRB"]
[SourceTitle "CBM 185 Extra"]
[Source "ChessBase"]
[SourceDate "2018.07.29"]
[SourceVersion "1"]
[SourceVersionDate "2018.07.29"]
[SourceQuality "1"]

1. d4 d6 2. Nf3 g6 3. g3 Bg7 4. Bg2 Nf6 5. 0-0 0-0 6. c4 c6 7. Nc3 Bf5 8. Nh4 Be6 9. Qd3 d5 10. b3 Ne4 11. cxd5 Nxc3 12. Qxc3 Bxd5 13. Bb2 Bxg2 14. Nxg2 Nd7 15. Rfd1 Nf6 16. Nf4 Nd5 17. Nxd5 Qxd5 18. Rd3 Rfd8 19. Rc1 Rd7 20. Qe1 Rad8 21. Rc5 Qd6 22. Rc4 Qb8 23. Qd2 e5 24. dxe5 Rxd3 25. exd3 Bxe5 26. Re4 Bxb2 27. Qxb2 Rxd3 28. Re7 Rd8 29. Qf6 Rf8 30. Rd7 a5 31. h4 Qc8 32. Qe7 Qe8 33. Rxb7 Qxe7 34. Rxe7 Rd8 35. Re5 a4 36. bxa4 Rd2 37. a3 Rd3 38. Re3 Rd4 39. a5 Ra4 40. Re8+ Kg7 41. Ra8 h5 42. a6 Rxa3 43. Kf1 Kf6 44. a7 Ra2 45. f3 c5 46. Ke1 c4 47. Kd1 c3 48. Kc1 Kf5 49. Kb1 Rb2+ 50. Kc1 Rb7 51. Kc2 Rc7 52. Rb8 Rxa7 53. Rb5+ Kf6 54. Kxc3 Ra3+ 55. Rb3 Rxb3+ 56. Kxb3 g5 57. hxg5+ Kxg5 58. Kc3 f5 59. Kd3 h4 60. gxh4+ Kxh4 61. f4 Kg4 62. Ke2 1/2-1/2

[Event "Stari Banovci Vidovdan op"]
[Site "Stari Banovci"]
[Date "2018.06.30"]
[Round "3"]
[White "Pucarevic, Milenko"]
[Black "Stankovic, Milos M"]
[Result "1-0"]
[WhiteElo "2206"]
[BlackElo "2060"]
[PlyCount "91"]
[EventDate "2018.06.29"]
[EventType "swiss"]
[EventRounds "9"]
[EventCountry "SRB"]
[SourceTitle "CBM 185 Extra"]
[Source "ChessBase"]
[SourceDate "2018.07.29"]
[SourceVersion "1"]
[SourceVersionDate "2018.07.29"]
[SourceQuality "1"]

1. e4 c5 2. Nf3 d6 3. c3 Nf6 4. Bd3 Nc6 5. Qe2 e5 6. Bc2 Be7 7. h3 0-0 8. d3 Qc7 9. Nbd2 d5 10. Nf1 d4 11. g4 Ne8 12. Ng3 g6 13. Kf1 Ng7 14. Bh6 Be6 15. Rg1 dxc3 16. bxc3 Rfd8 17. Nf5 Bf8 18. Be3 b6 19. Ng5 Kh8 20. Nh6 f6 21. Nxe6 Nxe6 22. Bb3 Re8 23. h4 Rad8 24. Bd5 Rd6 25. Qf3 Ned8 26. g5 Bxh6 27. gxh6 Ne7 28. Bc4 Nec6 29. Kg2 Qe7 30. Kh1 Rf8 31. Rg2 Ne6 32. Rag1 Ncd8 33. Qg4 f5 34. exf5 Rxf5 35. Rg3 Nf4 36. Qxf5 Qxh4+ 37. Rh3 Qxh3+ 38. Qxh3 Nxh3 39. Re1 g5 40. Kg2 g4 41. f3 Rf6 42. fxg4 Nf4+ 43. Bxf4 Rxf4 44. Rxe5 Rf8 45. Bd5 b5 46. Re7 1-0

[Event "Belgrade Jezero op"]
[Site "Belgrade"]
[Date "2017.08.09"]
[Round "5"]
[White "Martic, Ivan"]
[Black "Pucarevic, Milenko"]
[Result "1-0"]
[WhiteElo "2324"]
[BlackElo "2233"]
[PlyCount "91"]
[EventDate "2017.08.05"]
[EventType "swiss"]
[EventRounds "9"]
[EventCountry "SRB"]
[SourceTitle "CBM 180 Extra"]
[Source "ChessBase"]
[SourceDate "2017.10.06"]
[SourceVersion "1"]
[SourceVersionDate "2017.10.06"]
[SourceQuality "1"]

1. e4 g6 2. d4 Bg7 3. Nc3 d6 4. f4 c6 5. h3 a6 6. Nf3 b5 7. Bd3 Nd7 8. e5 b4 9. Ne4 d5 10. Nf2 e6 11. 0-0 Ne7 12. a3 bxa3 13. Rxa3 0-0 14. Ng4 Nf5 15. Kh2 Qb6 16. c3 c5 17. Bc2 Bb7 18. Ne3 Rfc8 19. Nxf5 exf5 20. g4 fxg4 21. hxg4 Qc7 22. Bd3 a5 23. Rg1 Ba6 24. Bb1 Rab8 25. Kh1 cxd4 26. cxd4 Rb4 27. f5 Bxe5 28. Rc3 Qb8 29. Rxc8+ Bxc8 30. Nxe5 Nxe5 31. dxe5 Qxe5 32. Qe1 f6 33. Qxe5 fxe5 34. Kh2 h5 35. gxh5 Rh4+ 36. Kg3 Rxh5 37. fxg6 Kg7 38. Bd2 Rh3+ 39. Kg2 Rb3 40. Bc1 e4 41. Ba2 Rd3 42. Kf2 Rf3+ 43. Ke2 Ba6+ 44. Ke1 Rd3 45. Bh6+ Kg8 46. Rf1 1-0

[Event "Stari Banovci Vidovdan op"]
[Site "Stari Banovci"]
[Date "2017.07.03"]
[Round "6"]
[White "Todorovic, Goran N"]
[Black "Pucarevic, Milenko"]
[Result "1/2-1/2"]
[WhiteElo "2349"]
[BlackElo "2191"]
[PlyCount "97"]
[EventDate "2017.06.28"]
[EventType "swiss"]
[EventRounds "9"]
[EventCountry "SRB"]
[SourceTitle "EXT 2018"]
[Source "ChessBase"]
[SourceDate "2017.10.13"]
[SourceVersion "1"]
[SourceVersionDate "2017.10.13"]
[SourceQuality "1"]

1. d4 Nf6 2. Nf3 g6 3. c4 Bg7 4. Nc3 0-0 5. e4 d6 6. Be2 e5 7. Be3 Ng4 8. Bg5 f6 9. Bc1 Nc6 10. h3 Nh6 11. d5 Ne7 12. h4 Nf7 13. h5 g5 14. Nh2 f5 15. g4 f4 16. f3 Bd7 17. Bd2 a6 18. b4 b6 19. 0-0 Kh8 20. Be1 Ng8 21. Bf2 Nf6 22. c5 Rg8 23. cxb6 cxb6 24. Na4 Rb8 25. Nb2 Bf8 26. Qd3 Nh6 27. Kh1 Qe8 28. Rg1 b5 29. Rac1 Rb7 30. Nd1 Be7 31. Nc3 Bd8 32. a4 Nxh5 33. gxh5 Qxh5 34. axb5 axb5 35. Qd1 Bh3 36. Ra1 Rbg7 37. Ra7 Be7 38. Rg4 Bxg4 39. fxg4 Qe8 40. Qd3 f3 41. Bxf3 Rf8 42. Kg2 Rgf7 43. Qxb5 Qc8 44. Qc6 Rxf3 45. Qxc8 Rxf2+ 46. Kg3 Rxc8 47. Kxf2 Rxc3 48. Rxe7 Kg8 49. Kg2 1/2-1/2

[Event "Stari Banovci Vidovdan op"]
[Site "Stari Banovci"]
[Date "2017.06.30"]
[Round "3"]
[White "Pucarevic, Milenko"]
[Black "Velickovic, Sasa"]
[Result "1-0"]
[WhiteElo "2191"]
[BlackElo "2309"]
[PlyCount "81"]
[EventDate "2017.06.28"]
[EventType "swiss"]
[EventRounds "9"]
[EventCountry "SRB"]
[SourceTitle "EXT 2018"]
[Source "ChessBase"]
[SourceDate "2017.10.13"]
[SourceVersion "1"]
[SourceVersionDate "2017.10.13"]
[SourceQuality "1"]

1. d4 c5 2. Nf3 Nf6 3. d5 g6 4. g3 Bg7 5. Bg2 0-0 6. 0-0 d6 7. Nc3 Na6 8. h3 Nc7 9. a4 Rb8 10. e4 a6 11. Re1 Nd7 12. Bf4 f6 13. Qd2 Ne5 14. Nxe5 fxe5 15. Bg5 Bd7 16. a5 Qe8 17. Be3 Rf7 18. b3 b5 19. b4 c4 20. Rad1 Qc8 21. Kh2 Qb7 22. Ne2 Rbf8 23. Rf1 Ne8 24. f3 Qc8 25. c3 Nf6 26. Bg5 Nh5 27. Qe3 Kh8 28. Qd2 Rg8 29. Ng1 Qf8 30. Be3 h6 31. Rf2 g5 32. Rdf1 Bf6 33. Ne2 Qg7 34. Rh1 Qg6 35. Kg1 Rh7 36. Kf1 Qe8 37. Ke1 e6 38. h4 exd5 39. hxg5 hxg5 40. Qxd5 Be7 41. g4 1-0

[Event "Belgrade-chT"]
[Site "Belgrade"]
[Date "2016.10.21"]
[Round "12.6"]
[White "Mihajlovic, Miodrag"]
[Black "Pucarevic, Milenko"]
[Result "1-0"]
[WhiteElo "2093"]
[BlackElo "2176"]
[PlyCount "65"]
[EventDate "2016.10.08"]
[EventType "team-tourn"]
[EventRounds "13"]
[EventCountry "SRB"]
[SourceTitle "CBM 175 Extra"]
[Source "ChessBase"]
[SourceDate "2016.12.12"]
[SourceVersion "1"]
[SourceVersionDate "2016.12.12"]
[SourceQuality "1"]
[WhiteTeam "Belgrade Radnicki"]
[BlackTeam "Romanticari"]
[WhiteTeamCountry "SRB"]
[BlackTeamCountry "SRB"]

1. e4 c5 2. Nf3 e6 3. g3 Nc6 4. c3 d5 5. e5 Qa5 6. Bg2 Nge7 7. 0-0 c4 8. Re1 Bd7 9. Na3 a6 10. b4 cxb3 11. axb3 Qc7 12. Nb5 axb5 13. Rxa8+ Nc8 14. Ba3 b4 15. cxb4 b5 16. Bb2 Be7 17. Qa1 0-0 18. Nd4 Nxb4 19. Bf1 Bc5 20. Rc1 Qb6 21. Rxc5 Qxc5 22. Qa3 Ne7 23. Rxf8+ Kxf8 24. Bc3 Nec6 25. Nxc6 Qxc6 26. Bxb4+ Kg8 27. Qa5 h5 28. Qd8+ Be8 29. d4 Kh7 30. Bd3+ Kg8 31. Qe7 g6 32. Qf8+ Kh7 33. Bd2 1-0